| 000 | 00548nam a22001577a 4500 | ||
|---|---|---|---|
| 082 | _a610 | ||
| 100 | _aRazaq, Tanzim | ||
| 245 |
_aEffect of Doxorubicin on the Uptake of 99mTc-DTPA in Rat Kidneys / _cTanzim Razaq |
||
| 260 |
_aIslamabad : _bSMME - NUST, _c2016. |
||
| 300 |
_a31 p. ; _c30cm. |
||
| 650 |
_aBiomedical Engineering and Science-MS-Thesis _925782 |
||
| 700 |
_aDr. Adeeb Shehzad _916289 |
||
| 856 | _uhttp://10.250.8.41:8080/xmlui/handle/123456789/6246 | ||
| 942 |
_2ddc _cTHE |
||
| 999 |
_c541188 _d541188 |
||